Handbook of exploration geophysics / (Record no. 330139)

000 -LEADER
fixed length control field 01287cam a2200313 a 4500
001 - CONTROL NUMBER
control field 1115089
003 - CONTROL NUMBER IDENTIFIER
control field NUST
005 - DATE AND TIME OF LATEST TRANSACTION
control field 20170609112249.0
008 - FIXED-LENGTH DATA ELEMENTS--GENERAL INFORMATION
fixed length control field 930701s1992 ne a be 000 0 eng
010 ## - LIBRARY OF CONGRESS CONTROL NUMBER
LC control number 93173335
020 ## - INTERNATIONAL STANDARD BOOK NUMBER
International Standard Book Number 9054102063
040 ## - CATALOGING SOURCE
Original cataloging agency DLC
Transcribing agency DLC
Modifying agency DLC
041 1# - LANGUAGE CODE
Language code of text/sound track or separate title eng
Language code of original fre
050 00 - LIBRARY OF CONGRESS CALL NUMBER
Classification number TN269
Item number .C43413 1992
082 00 - DEWEY DECIMAL CLASSIFICATION NUMBER
Classification number 553.28 CHA
Edition number 20
100 1# - MAIN ENTRY--PERSONAL NAME
Personal name Chapel, Paul,
Titles and words associated with a name ingénieur I.E.G.
9 (RLIN) 2365
240 10 - UNIFORM TITLE
Uniform title Géophysique appliquée.
Language of a work English
245 10 - TITLE STATEMENT
Title Handbook of exploration geophysics /
Statement of responsibility, etc. by Paul A. Chapel ; [translated from the French by Chris Stevenson].
260 ## - PUBLICATION, DISTRIBUTION, ETC.
Place of publication, distribution, etc. New Delhi :
Name of publisher, distributor, etc. Oxford & IBH publishing co,
Date of publication, distribution, etc. 1991.
300 ## - PHYSICAL DESCRIPTION
Extent xv, 411 p. :
Other physical details ill. ;
Dimensions 29 cm.
500 ## - GENERAL NOTE
General note Reviewed, corrected, and completed translation of: Géophysique appliquée.
501 ## - WITH NOTE
With note H.B
504 ## - BIBLIOGRAPHY, ETC. NOTE
Bibliography, etc. note Includes bibliographical references (p. 391-411).
650 #0 - SUBJECT ADDED ENTRY--TOPICAL TERM
Topical term or geographic name entry element Prospecting
General subdivision Geophysical methods
-- Encyclopedias.
9 (RLIN) 2366
856 42 - ELECTRONIC LOCATION AND ACCESS
Materials specified Publisher description
Uniform Resource Identifier <a href="http://www.loc.gov/catdir/enhancements/fy0908/93173335-d.html">http://www.loc.gov/catdir/enhancements/fy0908/93173335-d.html</a>
906 ## - LOCAL DATA ELEMENT F, LDF (RLIN)
a 7
b cbc
c orignew
d 2
e ncip
f 19
g y-gencatlg
942 ## - ADDED ENTRY ELEMENTS (KOHA)
Source of classification or shelving scheme
Koha item type Book
Call number prefix 553.28 CHA
Holdings
Withdrawn status Lost status Source of classification or shelving scheme Damaged status Not for loan Collection code Permanent Location Current Location Shelving location Date acquired Total Checkouts Full call number Barcode Date last seen Price effective from Koha item type
            Institute of Environmental Science and Engineering (IESE) Institute of Environmental Science and Engineering (IESE) General Stacks 06/09/2017   553.28 CHA IESE-33 06/09/2017 06/09/2017 Book
© 2023 Central Library, National University of Sciences and Technology. All Rights Reserved.